000 00593cab a22001935a 4500
001 L157774
008 130514e2013 xxk 000 0 eng d
035 _a(Sirsi) u157774
041 0 _aeng
100 1 _aRobinson, Tim
245 0 0 _aCountry focus
_bHong Kong
260 _c2013
490 _aBuilding
_v(278) 15 March 2013, 50-53(4)
520 _aDiscusses the powerful position that Hong Kong finds itself in with reference to its infrastructure and the market demand for its real estate
651 4 _aAsia
690 _aConstrcution
700 1 _aSkalska-Burgess, Magda
942 _n0
999 _c84457
_d84457